| 000 | 00726cam a22001935a 4500 | ||
|---|---|---|---|
| 001 | L155814 | ||
| 008 | 120417s1819 xxk f 000 0 eng d | ||
| 035 | _a(Sirsi) u155814 | ||
| 041 | 0 | _aeng | |
| 100 | 1 |
_aDix, Thomas _d1769 or 70-1813 |
|
| 245 | 0 | 2 |
_aA treatise on land-surveying _bin seven parts ... |
| 250 | _a4th ed., with great additions and improvements | ||
| 260 |
_aLondon _bprinted by Weed and Rider, Little Britain for Scatcherd and Letterman, and G. and W. B. Whittaker ... _c1819 |
||
| 300 |
_axii, 214 p., [2] leaves of plates (1 folded) _bill., col. plan _c22 cm. |
||
| 583 |
_aCondition reviewed _c20120620 _lcondition level 1 |
||
| 651 | 4 |
_aGreat Britain _y1707- |
|
| 690 |
_aMeasurement _96256 |
||
| 942 | _n0 | ||
| 999 |
_c113846 _d113846 |
||